COMPUTER FUNDAMENTAL & OFFICE AUTOMATION (Record no. 66813)
[ view plain ]
| 000 -LEADER | |
|---|---|
| fixed length control field | 00414nam a22001577a 4500 |
| 003 - CONTROL NUMBER IDENTIFIER | |
| control field | OSt |
| 005 - DATE AND TIME OF LATEST TRANSACTION | |
| control field | 20251206123817.0 |
| 008 - FIXED-LENGTH DATA ELEMENTS--GENERAL INFORMATION | |
| fixed length control field | 251206b |||||||| |||| 00| 0 eng d |
| 020 ## - INTERNATIONAL STANDARD BOOK NUMBER | |
| International Standard Book Number | 978-81-927426-3-2 |
| 040 ## - CATALOGING SOURCE | |
| Transcribing agency | IIMT UNIVERSITY |
| 100 ## - MAIN ENTRY--PERSONAL NAME | |
| Personal name | MISHRA, V. & PANDEY, P.K |
| 245 ## - TITLE STATEMENT | |
| Title | COMPUTER FUNDAMENTAL & OFFICE AUTOMATION |
| 260 ## - PUBLICATION, DISTRIBUTION, ETC. | |
| Place of publication, distribution, etc. | PRAYAGRAJ |
| Name of publisher, distributor, etc. | TBALAJI PUBLICATION |
| Date of publication, distribution, etc. | 2021 |
| 300 ## - PHYSICAL DESCRIPTION | |
| Extent | 280 |
| 942 ## - ADDED ENTRY ELEMENTS (KOHA) | |
| Source of classification or shelving scheme | |
| Koha item type | Text-Book- for 7 days |
| Withdrawn status | Lost status | Source of classification or shelving scheme | Damaged status | Not for loan | Home library | Current library | Date acquired | Source of acquisition | Cost, normal purchase price | Inventory number | Barcode | Date last seen | Uniform Resource Identifier | Price effective from | Koha item type |
|---|---|---|---|---|---|---|---|---|---|---|---|---|---|---|---|
| IIMT UNIVERSITY CENTRAL LIBRARY ( GENERAL/ GIFTED BOOKS) | IIMT UNIVERSITY CENTRAL LIBRARY ( GENERAL/ GIFTED BOOKS) | 12/06/2025 | DR: SUBHA DWIVEDI | 185.00 | DONATED | 28-S-4856 | 12/06/2025 | Computer science | 12/06/2025 | Text-Book- for 7 days | |||||
| IIMT UNIVERSITY CENTRAL LIBRARY ( GENERAL/ GIFTED BOOKS) | IIMT UNIVERSITY CENTRAL LIBRARY ( GENERAL/ GIFTED BOOKS) | 12/06/2025 | DR: SUBHA DWIVEDI | 185.00 | DONATED | 28-S-4857 | 12/06/2025 | Computer science | 12/06/2025 | Text-Book- for 7 days | |||||
| IIMT UNIVERSITY CENTRAL LIBRARY ( GENERAL/ GIFTED BOOKS) | IIMT UNIVERSITY CENTRAL LIBRARY ( GENERAL/ GIFTED BOOKS) | 12/06/2025 | DR: SUBHA DWIVEDI | 185.00 | DONATED | 28-S-4858 | 12/06/2025 | Computer science | 12/06/2025 | Text-Book- for 7 days | |||||
| IIMT UNIVERSITY CENTRAL LIBRARY ( GENERAL/ GIFTED BOOKS) | IIMT UNIVERSITY CENTRAL LIBRARY ( GENERAL/ GIFTED BOOKS) | 12/06/2025 | DR: SUBHA DWIVEDI | 185.00 | DONATED | 28-S-4859 | 12/06/2025 | Computer science | 12/06/2025 | Text-Book- for 7 days |

